Slávnosť v klube

Bibliographic Details
Main Author: Šugár, Štefan (Author)
Format: Article
Language:Slovak
Subjects:

MARC

LEADER 00000nab a2200000 a 4500
001 vtls000005691
003 SK-MaSNL
005 20260303021209.0
008 111103c1978 xo 0 slo
015 |a SNBRB19rr/mm-uuuuu 
035 |a CL0015784 
040 |a SNKBUCL  |b slo  |c SNKBUCL  |e AACR2 
041 0 |a slo 
044 |a xo  |c SK 
080 |a 792  |2 1981 
100 1 |a Šugár, Štefan  |4 aut  |9 403726 
245 1 0 |a Slávnosť v klube  |c Štefan Šugár 
650 0 7 |a film  |2 snkbucl  |9 1425 
650 0 7 |a televízia  |2 snkbucl  |9 16407 
650 0 7 |a rozhlas  |2 snkbucl  |9 18755 
650 0 7 |a divadlo  |2 snkbucl  |9 3335 
650 0 7 |a umelci  |2 snkbucl  |9 2894 
655 7 |a články z novín a časopisov  |2 snkbucl  |9 267496 
773 0 |t Večerník  |g Roč. 23, č. 107 (2. 6. 1978), s. 7 
850 |a Slovenská národná knižnica v Martine  |a MTA001 
852 |a SNK  |b KIS3GCP 
958 |a RK 
992 |a RBX 
999 |c 1621925  |d 1623855